The Vampire Diaries: Part 1 (Easy) - Statistics

General Stats
  • This quiz has been taken 781 times
  • The average score is 18 of 25
Answer Stats
Hint: Answer: % Correct
Who meets Elena first? Damon
100%
Who bumps into Elena in the hallway at school? Stefan
99%
Who is the original hybrid? Klaus
97%
Who is Elena's little brother? Jeremy
95%
Who is the name of Stefan's best friend? Lexi
95%
What town do they live in? Mystic Falls
92%
Who marries Stefan in the end? Caroline
89%
How many seasons were in TVD? 8
86%
What is the name of Elena's best friend? Bonnie
86%
Who is the Original Family? Mikaelson
85%
What bloodline do Bonnie, Sheila, and Emily come from? Bennett
79%
Is Katherine in the tomb? No
79%
How does Liz Forbes die? Cancer
77%
What does Tyler turn into? Hybrid
72%
Which vampire was killed in season one for Klaus's sacrifice? Jenna
68%
Who is the original progenitor of the Petrova bloodline? (AKA: the first Elena look-alike) Amara
67%
Who is Damon's best friend? Alaric
66%
What is the infamous bridge called? Wickery
62%
Who connects the lives of Bonnie and Elena? Kai
61%
What is it called when a vampire makes you do whatever they want? Compulsion
54%
What herb hurts werewolves? Wolfsbane
50%
Who helps Elena turn her humanity back on? Matt
49%
How do Stefan and Katherine die? Hellfire
35%
What herb hurts vampires? Vervaine
28%
How does Elena die? Drowns
24%
No matching quizzes found
Score Distribution
Percent of People with Each Score
Percentile by Number Answered
Your Score History
You have not taken this quiz